<?xml version="1.0" encoding="UTF-8"?>
<marc:record xmlns:marc="http://www.loc.gov/MARC21/slim">
   <marc:leader>00000nam a2200000 a 4500</marc:leader>
   <marc:datafield ind1="1" ind2=" " tag="100">
      <marc:subfield code="a">Craven, Wes [Regie]</marc:subfield>
      <marc:subfield code="4">aut</marc:subfield>
      <marc:subfield code="e">Verfasser/-in</marc:subfield>
   </marc:datafield>
   <marc:datafield ind1="1" ind2=" " tag="100">
      <marc:subfield code="a">Streep, Meryl</marc:subfield>
   </marc:datafield>
   <marc:datafield ind1=" " ind2=" " tag="653">
      <marc:subfield code="a">Geige</marc:subfield>
   </marc:datafield>
   <marc:datafield ind1=" " ind2=" " tag="653">
      <marc:subfield code="a">Music</marc:subfield>
   </marc:datafield>
   <marc:datafield ind1=" " ind2=" " tag="653">
      <marc:subfield code="a">Musik</marc:subfield>
   </marc:datafield>
   <marc:datafield ind1="0" ind2="0" tag="245">
      <marc:subfield code="a">Music of the heart [Bildtonträger]</marc:subfield>
   </marc:datafield>
   <marc:datafield ind1="0" ind2="0" tag="245">
      <marc:subfield code="c">Regie: Wes Craven. Meryl Streep, Aidan Quinn, Angela Bassett, Gloria Estefan...</marc:subfield>
   </marc:datafield>
   <marc:datafield ind1=" " ind2="1" tag="264">
      <marc:subfield code="a">Leipzig</marc:subfield>
      <marc:subfield code="b">Kinowelt</marc:subfield>
      <marc:subfield code="c">2006</marc:subfield>
   </marc:datafield>
   <marc:datafield ind1="1" ind2=" " tag="520">
      <marc:subfield code="a">East Harlem, 1980: In einem der verrufensten und gewalttätigsten Viertel New Yorks versucht Roberta Guaspari (Meryl Streep), Kindern die Schönheit des Geigenspiels näher zu bringen. Von Kollegen, Eltern und Schülern zunächst skeptisch beäugt, entwickelt sich ihr sogenanntes "East Harlem Violin Program" rasch zu einer wichtigen Institution, in der die Schüler nicht nur das Instrument, sondern noch etwas viel Wichtigeres lernen: Dass man im Leben fast alle Träume verwirklichen kann, wenn man nur wirklich will. Nach zehn erfolgreichen Jahren droht ihren Kursen nach Etatkürzungen das Aus. Aber Roberta kämpft: Gemeinsam mit Schülern, Lehrern und Freunden organisiert sie 1991 ein Solidaritätskonzert ihrer Schüler. Das "Fiddlefest" findet nicht irgendwo, sondern in der Carnegie Hall statt, und die prominenten Gastviolinisten verkörpern die Crème de la Crème der Musikszene: Isaac Stern, Itzhak Perlman, Arnold Steinhardt, Mark O´Connor, Michael Tree, Diane Monroe und viele andere unterstützen Roberta Guaspari in ihrem Kampf für Geigenunterricht im Ghetto.</marc:subfield>
   </marc:datafield>
   <marc:datafield ind1=" " ind2=" " tag="020">
      <marc:subfield code="a">? 10,00</marc:subfield>
      <marc:subfield code="9">? 10,00</marc:subfield>
   </marc:datafield>
   <marc:datafield ind1=" " ind2=" " tag="041">
      <marc:subfield code="a">ger</marc:subfield>
   </marc:datafield>
   <marc:datafield ind1=" " ind2=" " tag="500">
      <marc:subfield code="a">[mit Gastauftritten der Weltklassemusiker Isaac STern und Itzhak Perman]</marc:subfield>
   </marc:datafield>
   <marc:datafield ind1="0" ind2=" " tag="490">
      <marc:subfield code="v">0</marc:subfield>
   </marc:datafield>
   <marc:datafield ind1=" " ind2=" " tag="300">
      <marc:subfield code="a">118' : 1 DVD</marc:subfield>
   </marc:datafield>
</marc:record>
